1385 1868 1652 1275 1720 1512 1926 1600 1875 1463 1832 1272 1674 1680 1994 1464 1118 1736 1584 1495 1678 1118 1796 1089 1188 1665 1627 1040 1391 1463 1838 1764 1258 1726 1510 1145 1229 1792 1983 1696 1433 1191 1296 1360 1952 1072 1750 1745 1337 1849 1692 1035 1258 1946 1708 1412 1001 1199 1835 1986 1382 1575 1895 1138 1790 1079 1982 1403 1942 1481 1990 1789 1495 1288 1547 1116 1331 1060 1010 1458 1185 1283 1652 1407 1034 1242 1781 1014 1019 1606 1576 1495 1413 1133 1754 1225 1128 1106 1193 BCNSPRNW ULIB Ver.6.0+V

เปลี่ยนเป็นภาษาไทย

Change to English
 แสดงรายละเอียดบรรณานุกรม
  กลับหน้าหลัก

Brief Record : Get Marc (ISO 2709) : E-mail record : QR code < ปิดหน้าต่าง
LEADER : 00000nam 2200000uu 4500
001    13399121365
003     ULIB
008    020711s2555 th a 000 0 tha d
099    วจ.WY86^bส876ก
100    สุวัฒนา คำสุข, รุ่งนภา สูตินันท์โอภาส, วาสนา มั่งคั่ง และจรวยพร ทะแกล้วพันธุ์
245    การศึกษาความต้องการผู้ช่วยพยาบาลในโรงพยาบาลศูนย์และโรงพยาบาลทั่วไปของกระทรวงสาธารณสุข
260    นนทบุรี :^bสถาบันพระบรมราชชนก กระทรวงสาธารณสุข,^c2555
300    76 หน้า;^b29 ซม.
650    ผู้ช่วยโรงพยาบาล^xวิจัย
945    ^p0^l0^i033100
999    ^aใช้งานได้ทุกระบบ
รายการนี้ยังไม่มีแท็ก
คุณยังไม่ได้ล็อกอิน คุณสามารถมีกิจกรรมร่วมกับเว็บไซต์ได้ แต่ต้องล็อกอินก่อน ::
  ล็อกอิน

รายการสื่อสารสนเทศ

ลำดับที่ ประเภท เลขเรียก/บาร์โค้ด สถานที่ สถานะ
1. งานวิจัย
งานวิจัย
วจ.WY86 ส876ก  
  Barcode: 033100
ห้องสมุดวิทยาเขตสวรรค์ประชารักษ์
►วิจัย
บนชั้น

BibComment


ยังไม่เคยถูกคอมเมนท์

คอมเมนท์ทรัพยากรรายการนี้
  คอมเมนท์: การศึกษาความต้องก..


 Copyright 2026. Bcnsprnw @Library